Bharat Journal of Case Studies (Record no. 213536)

MARC details
000 -LEADER
fixed length control field 00354nam a2200109 4500
008 - FIXED-LENGTH DATA ELEMENTS--GENERAL INFORMATION
fixed length control field 250930b |||||||| |||| 00| 0 eng d
245 ## - TITLE STATEMENT
Title Bharat Journal of Case Studies
Statement of responsibility, etc Edited by Sweta Mittal
260 ## - PUBLICATION, DISTRIBUTION, ETC. (IMPRINT)
Place of publication, distribution, etc New Delhi
Name of publisher, distributor, etc Prints Publications Pvt Ltd
Date of publication, distribution, etc June 2025
300 ## - PHYSICAL DESCRIPTION
Extent Vol 1, No. 1
310 ## - CURRENT PUBLICATION FREQUENCY
Current publication frequency Half Yearly
Date of current publication frequency 1 June 2025
942 ## - ADDED ENTRY ELEMENTS (KOHA)
Source of classification or shelving scheme Dewey Decimal Classification
Item type Periodicals
Call number suffix BHA
Serial record 1
Holdings
Withdrawn status Lost status Source of classification or shelving scheme Damaged status Not for loan Collection code Home library Current library Shelving location Date acquired Source of acquisition Cost, normal purchase price Total Checkouts Full call number Date last seen Copy number Cost, replacement price Price effective from Koha item type
    Dewey Decimal Classification   Not For Loan Non-fiction D.B.Act.Division D.B.Act.Division On Display 30/09/2025 DBAD 1000.00   BHA 30/09/2025 1 1000.00 30/09/2025 Periodicals

© Delhi Public Library
Hit Counter
free hit counter